Quizzes
Events
Quiz Creation
Community
Videos
Private Events
Remove Ads
Sign In
Join for FREE
Feedback
Dark Mode
Quiz Categories
Sports
Geography
Music
Movies
Television
Just For Fun
Miscellaneous
History
Literature
Language
Science
Gaming
Entertainment
Religion
Holiday
For Kids
Quiz Lab
Recent
Popular Today
Quiz Kudos Today
Editor Picks
Curator Picks
Quizzes by...
Day
Popularity
Type
Ratings
Length
Year
Community
Subscriptions
Recent Discussions
Orange Saloon
Badges
Playlists
Quests
Create
Leaderboards
Showdown
Live 5
Trivia Bingo
Activity
Puzzle Library
Sporcle Events
Private Events
Virtual Trivia
Globe League
Become a Host
Pub Owners
SporcleCon
Opinionation
Our Games
Videos
Blog
Mobile Apps
Partnerships
Remove Ads and Go Orange
Feedback
Television
TV Characters
TV Show
Sitcom
Network
Friends
Reality Shows
Cast
South Park
Star Trek
The Simpsons
Doctor Who
Television
TV Characters
TV Show
Sitcom
Network
Friends
Reality Shows
Cast
South Park
Star Trek
The Simpsons
Doctor Who
Random Quiz
Search Sporcle
×
Quiz Lab
Quiz Lab
Television
sponge
Type in answers that appear in a list
Type in answers that appear in a list
Classic
Best Score? Go Orange.
Sponge bob episodes Stats
Can you name the sponge bob episodes?
By
gwinnettnewguy
10m
50 Questions
161 Plays
161 Plays
161 Plays
Comments
Comments
Give Quiz Kudos
Give Quiz Kudos
-
- Ratings
hide this ad
Replay
Link that replays current quiz
Next Quiz
Link to next quiz in quiz playlist
You Got
0%
They Got
Avg Score
37%
Avg Friend Score
Upgrade to see
Score Distribution
Jump to the score distribution portion of the page
Score
0/50
Timer
10:00
0
Plays Today
title
answer
% Correct
employe of the _
_
_
_
_
_
month
79.5%
ripped _
_
_
_
_
_
pants
70.2%
help _
_
_
_
_
_
_
_
_
_
wanted
62.1%
best day _
_
_
_
_
ever
57.8%
_
_
_
_
_
_
blower
reef
55.9%
the great _
_
_
_
_
race
snail
53.4%
freind or _
_
_
_
foe
52.8%
your shoe's _
_
_
_
_
_
_
_
_
_
untied
52.2%
Krabs vs. _
_
_
_
_
_
_
_
Plankton
51.6%
pizza_
_
_
_
_
_
_
_
_
delivery
50.9%
bubble _
_
_
_
_
_
_
_
buddy
49.7%
_
_
_
_
_
_
_
bottom
rock
48.4%
grandma's _
_
_
_
_
_
_
_
kisses
45.3%
big _
_
_
_
loser
pink
45.3%
toy store of _
_
_
_
doom
43.5%
chocolate with _
_
_
_
_
_
nuts
42.9%
_
_
_
_
_
_
_
_
_
rocket
sandy's
41.6%
_
_
_
_
_
_
_
_
_
towers
krusty
41.6%
I was a _
_
_
_
_
_
_
_
_
_
_
gary
teenage
41%
MuscleBob _
_
_
_
_
_
_
_
_
_
_
buffpants
40.4%
fools in _
_
_
_
_
_
_
april
40.4%
_
_
_
_
_
land
krabby
40.4%
_
_
_
_
_
_
_
box
idiot
39.1%
grooming _
_
_
_
gary
39.1%
pranks a _
_
_
_
lot
38.5%
title
answer
% Correct
big sister _
_
_
sam
37.3%
picture _
_
_
day
36.6%
buble buddy _
_
_
_
_
_
_
_
returns
36.6%
christmas _
_
_
?
who
34.8%
Spongebob's _
_
_
_
_
stand
last
34.8%
20,000 _
_
_
_
_
_
_
under the sea
patties
34.2%
dunces and _
_
_
_
_
_
_
dragons
30.4%
_
_
_
_
_
_
_
_
_
for pie
dying
29.8%
_
_
_
_
jokes
squirrel
29.8%
money _
_
_
_
_
talks
29.8%
Spongebob meets the _
_
_
_
_
_
_
_
_
_
strangler
28.6%
survival of the _
_
_
_
_
_
_
_
idiots
27.3%
pest of the _
_
_
_
_
_
west
27.3%
the _
_
_
_
_
_
_
episode
camping
25.5%
the dounut of _
_
_
_
_
_
shame
23.6%
back to the _
_
_
_
past
23.6%
a day without _
_
_
_
_
tears
23.6%
_
_
_
_
of a krabby patty
fear
23%
single _
_
_
_
anniversery
cell
23%
missing _
_
_
_
_
_
_
_
identity
21.7%
_
_
_
_
_
_
_
_
to milkshake
license
20.5%
house _
_
_
_
_
_
fancy
18%
_
_
_
_
and then what happens
hide
17.4%
the _
_
_
_
_
_
of bikini bottom
battle
11.2%
the _
_
_
_
_
_
patty
other
4.3%
Quiz Playlist
Details
Report
Send in Message
Add To Playlist
Classic:
Type in answers that appear in a list
Last Updated: Feb 16, 2017
Quiz Scoreboard
CHALLENGE
Sign Up to Join the Scoreboard
Show All
Scores
Hide
Comments
May contain spoilers
Recently Published
Alphabetical 'K' Countries by Flag Minefield
by ylime102
Geography
3m
Pick 6: Fruits
by JohnFran
Miscellaneous
15s
Click the 1999 NBA Draft
by nibperrychub
Sports
2m
More to Explore
Quiz From the Vault
Featured Blog Post
15 Basketball Trivia Facts You Can Be March Mad About
hide this ad
You Might Also Like...
Tags
bob
episode
sponge
Today's Top Quizzes in Television
Browse Television
hide this ad
Top Contributed Quizzes in Television
1
Hidden Simpsons Character
2
First Name TV: Leading Men
3
Hidden Simpsons Character XXIV
4
First Name TV: Leading Women Drama
5
Hidden Simpsons Character XXV
6
Pick A Pair: Religious TV
7
Hidden Simpsons Character XXVI
8
One Piece Logic Puzzle
9
Demon Slayer Impossible Quiz
10
Hidden Simpsons Character II
Explore More
Trending Topics
Disney
NBA
Anime
Kpop
Crossword
Harry Potter
Marvel
Song
NFL
Country
Pokémon
The Office
WWE
Soccer
Puzzle
hide this ad
More By:
gwinnettnewguy
Quiz
Plays
Rating
Category
Featured
Created
type the ABCs
313
1.43
Just For Fun
Sep 22, 2012
sponge bob episodes
161
Television
Oct 2, 2012
nicknames of SEC
125
2.00
Sports
Sep 22, 2012
10 longest u.s. rivers
118
1.17
Geography
Nov 4, 2012
icarly caracters
117
2.33
Television
Oct 11, 2012
Go to Creator's Profile
Score Distribution
Quiz Creator Spotlight
gwinnettnewguy
Follow
Send a Message
Quizzes Created
-
Created Quiz Play Count
-
More By This Creator
Popular Quizzes Today
1
Find the US States - No Outlines Minefield
2
Countries of Asia Without Outlines Minefield
3
Pick 6: Fruits
4
Alphabetical 'K' Countries by Flag Minefield
5
The Countries of the World
6
Find the US States
7
Match the Book to the Film X
8
Click the 1999 NBA Draft
More Television Quizzes
5x2 Blitz: The Simpsons
Quiz Lab
Trending Quizzes
Pick 6: Mountains
Pick 6: Harry Potter
Pick 6: NFL Teams
Pick 6: Movie Franchises
Pick 6: Golfers
Recently Updated
NWSL Teams
pecheneg
Women's Final Four Teams by Year
bhenderson79
Presidents Quartet II
eogle
Anything But Clue(do)
eogle
Anything But Oceanian Capitals
eogle
Anything But 7
eogle
Anything But Thing
eogle
Word Ladder: February 29
pecheneg
Song Title Questions
pecheneg
Women's NCAA Tournament #1 Seeds
pecheneg
Trending Topics
Crossword
NBA
Disney
Marvel
Kpop
Anime
Harry Potter
The Office
Pokémon
WWE
Puzzle
Country
Soccer
NFL
Song
Your Account Isn't Verified!
In order to create a playlist on Sporcle, you need to verify the email address you used during registration. Go to your
Sporcle Settings
to finish the process.
Report this User
Report this user for behavior that violates our
Community Guidelines
.
Details:
Send Report
Go to the Sporcle.com Mobile Site →
Comments